Firemná kultúra ako nástroj motivácie zamestnancov : Diplomová práca

Saved in:
Bibliographic Details
Main Author: Michaličková, Miroslava (Author)
Other Authors: Baláž, Peter (xxx)
Format: Manuscript Book
Language:Slovak
Published: Trnava : STU v Bratislave MtF KPIM, 2006
Subjects:
Tags: Add Tag
No Tags, Be the first to tag this record!

MARC

LEADER 00000ntm a22000003a 4500
001 stu132437
005 20160719155548.6
008 061215s2006----xo------------------slo-d
040 |a STU  |b slo 
041 0 |a slo 
044 |a xo 
100 1 |a Michaličková, Miroslava  |4 aut 
245 1 |a Firemná kultúra ako nástroj motivácie zamestnancov :  |b Diplomová práca 
260 |a Trnava :  |b STU v Bratislave MtF KPIM,  |c 2006 
300 |a 75 s  |c príl (1 CD-ROM) 
650 7 |a priemyselné inžinierstvo a manažment  |2 stusub 
650 7 |a firemná kultúra  |2 stusub 
650 7 |a pracovná motivácia  |2 stusub 
700 1 |a Baláž, Peter  |4 xxx 
996 |b 284M075410  |c M*DP-6473  |l MMSKP  |s P  |a 0  |w stu132437_0001